|
|
|
|
| LEADER |
00000nkm a2200000 a 4500 |
| 001 |
vtls010267543 |
| 003 |
SK-MaSNL |
| 005 |
20260301213407.0 |
| 007 |
kf co |
| 008 |
200701s2010 xo a kuslo |
| 015 |
|
|
|a SNBG2013
|
| 020 |
|
|
|a 9788081073588
|q (brož.)
|
| 040 |
|
|
|a SNK
|b slo
|c SNK
|e AACR2
|
| 041 |
1 |
|
|a slo
|h pol
|
| 044 |
|
|
|a xo
|c SK
|
| 080 |
|
|
|a 82-34
|2 2001
|
| 080 |
|
|
|a 82.09-34-052
|2 2001
|
| 080 |
|
|
|a 821-93
|2 2001
|
| 080 |
|
|
|a (0.029)
|2 2001
|
| 080 |
|
|
|a (086.48)
|2 2001
|
| 100 |
1 |
|
|a Makariew, Igor
|4 aut
|9 600244
|
| 240 |
1 |
0 |
|a Wycinanki-Kolorowy swiat basni
|l Slovensky
|
| 245 |
1 |
0 |
|a Rozprávkové skladačky
|h grafika
|b poskladaj si rozprávku : bez použitia nožničiek a lepidla
|c návrhy papierových figúrok: Igor Makariew ; ilustrácie: Dorina Maciejewska, Sebastian Person ; text Mirosława Woźna ; prebásnil: Martin Gregor
|
| 250 |
|
|
|a 1. slov. vyd.
|
| 260 |
|
|
|a Bratislava
|b Svojtka & Co.
|c 2010
|
| 300 |
|
|
|a [48] obrazových strán
|b ilustr.
|c 29 x 21 cm
|
| 505 |
1 |
|
|a Červená čiapočka -- Snehulienka -- Popoluška
|
| 521 |
|
|
|a Pre deti od troch rokov
|
| 650 |
0 |
7 |
|a rozprávky
|2 SNKPH
|9 75941
|
| 650 |
0 |
7 |
|a rozprávkové postavy
|2 SNKPH
|9 100985
|
| 655 |
|
7 |
|a publikácie pre deti
|2 SNKPH
|9 70148
|
| 655 |
|
7 |
|a vystrihovačky
|2 SNKPH
|9 70716
|
| 655 |
|
7 |
|a papierové modely
|2 SNKPH
|9 327845
|
| 700 |
1 |
|
|a Maciejewska, Dorina
|4 ill
|9 467946
|
| 700 |
1 |
|
|a Person, Sebastian
|4 ill
|9 312360
|
| 700 |
1 |
|
|a Woźna, Mirosława
|4 aut
|9 600245
|
| 700 |
1 |
|
|a Gregor, Martin
|4 aut
|9 314695
|
| 919 |
|
|
|a 978-80-8107-358-8
|
| 958 |
|
|
|a GBN
|
| 958 |
|
|
|a UP
|
| 999 |
|
|
|c 921490
|d 923420
|
| 952 |
|
|
|a SNK
|b SNK
|y PREZ
|7 0
|p 17A0695620
|o snkOSC 25474
|i snk2011/7338
|8 0
|0 0
|1 0
|4 0
|d 2011-03-31
|l 0
|r 2026-02-24 08:18:08
|w 2026-02-24
|
| 952 |
|
|
|a SNK
|b SNK
|y PREZ
|7 0
|p 17A0695619
|o snkOSC 25474 D1
|i snk2011/7341
|8 0
|0 0
|1 0
|4 0
|d 2011-03-31
|l 0
|r 2026-02-24 08:18:08
|w 2026-02-24
|